00968cam a2200265 a 450000100100000000500170001000800410002702000150006804000290008304100380011208200180015010000220016824000400019024501110023026000480034130000280038953400540041765100450047165100440051665100440056065000270060465100240063170000220065570000250067700000664920200929153950.0001213s1999 ag a f000 0dspa d a9879350065 aDO-SdBNPbspacLCdBNPHU17aspahhun2Código de idioma MARC a943.982bK96h1 aKurucz, Ladislao.10aA magyarok Argentinaban,lEspañol10aHúngaros en la Argentina /cLadislao Kurucz ; traducción castellana Peter Kiss ; editor Lido Lacomini. aBuenos Aires :bBiblioteca Nacional,c1999. a320 p. :bil. ;c23 cm. pTraducción castellana:tA magyarok Argentinaban 4aHungríazArgentinaxHistoriaySIGLO XX 4aHungríaxEmigración E Inmigración 4aArgentinaxEmigración E Inmigración 4aInmigranteszArgentina 4aArgentinaxHistoria1 aKiss, Peter,etr.1 aLacomini, Lido,eed.